000 00612nam a2200169 a 4500
001 000042455
005 20201002040153.0
008 131203s200? dr 000 0 spa d
040 _aDO-SdBNP
_bspa
_cBNPHU
082 _axxxxxx
_cxxxxxx
110 2 _aRepública Dominicana
_bComisión Presidencial para la Reforma y Modernización del Estado
_97089
245 1 0 _aManual del ayuntamiento :
_borganización del Distrito Nacional.
260 _aSanto Domingo, :
_bLiga Municipal Dominicana,
_c[200?].
300 _a80 p. ;
_c20 cm.
490 1 _aCuadernos municipales
_v10
830 0 _aCuadernos municipales
_n10
_969618
999 _c41944
_d41944